000 00379pab a2200157 454500
008 180718b2013 xxu||||| |||| 00| 0 eng d
100 _aChandrasekhar, C.P.
245 _aThe business of news in the age of internet
260 _c2013
300 _ap.25-39.
362 _aMay-Jun 2013
650 _aInternet
773 _aSocial Scientist
908 _aN
909 _a101337
999 _c101335
_d101335